000 00292nam a22001337a 4500
008 181218b xxu||||| |||| 00| 0 eng d
020 _a9781567994339
041 _aeng
080 _a820
100 _a21
101 _aGJL
245 _aGreat Heroes of Mythology
_cPress,P
942 _2udc
_cBK
999 _c53470
_d53470